000 00914nas a2200325 4500
001 BR2015000858
003 BR-BrBNA
005 20231205125120.0
007 ta
008 230509b bl.|||p| |||| 00| 00por d
040 _aBR-BrBNA
_bpor
_cBiblioteca Nacional de Agricultura
041 _a(Pt)
072 _aF01
100 1 _aFilho, A.C.
100 1 _aAlves, B.M.
100 1 _aToebe, M.
100 1 _aBurin,C.
100 1 _aSantos, G.O.
100 1 _aFacco, G.
100 1 _aNeu, I.M.M.
100 1 _aStefanello, R.B.
245 1 _aTamanho de parcela e número de repetições em aveia preta
650 _aAVEIA FORRAGEIRA
650 _aPARCELA EXPERIMENTAL
650 _aTAMANHO
650 _aMODELO MATEMÁTICO
773 0 _tCiência Rural (Brazil)
_xISSN 0103-8478
_g(Oct 2014), v. 44(10) p. 1732-1739
_wBR2015000858
909 _a202311
_bLúcia
_c55
_dLúcia Elande
942 _2AGRIS
_n0
_cANA
999 _c242713
_d242713